Vista normal
Vista MARC
Entrada Corporate Name
Número de registros utilizados en: 22
001 - CONTROL NUMBER
- control field: 2006
003 - CONTROL NUMBER IDENTIFIER
- control field: OSt
005 - DATE AND TIME OF LATEST TRANSACTION
- control field: 20230511225308.0
008 - FIXED-LENGTH DATA ELEMENTS
- fixed length control field: 230511|| aca||aabn | a|a d
040 ## - CATALOGING SOURCE
- Original cataloging agency: OSt
- Transcribing agency: OSt
110 ## - HEADING--CORPORATE NAME
- Corporate name or jurisdiction name as entry element: Instituto Nacional para Ciegos
670 ## - SOURCE DATA FOUND
- Source citation: Work cat.: (OSt)0: Instituto Nacional para Ciegos., Palabra y tul nasa /